| 000 | 00687nam a2200217 a 4500 | ||
|---|---|---|---|
| 001 | BRCA_1366 | ||
| 005 | 20190320203408.0 | ||
| 008 | 831129s1981 mx-a---##b---f000-0#spa-# | ||
| 040 |
_aDLC _cDLC _dDLC |
||
| 050 | 4 |
_aF1391.A8 _b.O27 1981 |
|
| 100 | 1 |
_aObregón, Gonzalo _9811 |
|
| 245 | 1 | 0 |
_aAtlíxco _bla ciudad y sus monumentos _cGonzalo Obregón. |
| 260 |
_aMéxico _bINAH _c1981 |
||
| 300 |
_a173 p. _bil. _c24 cm. |
||
| 504 | _aBibliografía: p. 170-173 | ||
| 650 | 1 | 4 |
_aIglesias _zMéxico _94471 |
| 650 | 1 | 4 |
_aArte cristiano y simbolismo _zMéxico _942 |
| 651 | 4 |
_aAtlixco (México) _xEdificios, estructuras, etc. _94472 |
|
| 651 | 4 |
_aAtlixco (México) _xHistoria _9272 |
|
| 942 |
_2lcc _cB |
||
| 999 |
_c1228 _d1228 |
||